Especies de léporidos (conejos y liebres) - Estadísticas

Estadísticas generales
  • Esta prueba ha sido intentada 3 veces
  • La puntuación promedio es 28 de 62
Estadísticas de respuestas
Género Especie Nombre % Correcto
Oryctolagus Cuniculus Conejo común o europeo
100%
Varynaensis Conejo de Barinas
100%
Poelagus Marjorita Conejo de Bunyoro
100%
Robustus Conejo de la sierra
100%
Cognatus Conejo del monte Manzano
100%
Palustris Conejo de los pantanos
100%
Romerolagus Diazi Conejo de los volcanes
100%
Insonus Conejo de Omiltemi
100%
Aquaticus Conejo de pantano o ciénaga
100%
Bachmani Conejo matorralero
100%
Mansuetus Conejo matorralero de la Isla de San José
100%
Brachylagus Idahoensis Conejo pigmeo
100%
Graysoni Conejo Tres Marías
100%
Lepus Alleni Liebre antílope
100%
Europaeus Liebre común o europea
100%
Saxatilis Liebre de los matorrales
100%
Flavigularis Liebre de Tehuantepec
100%
Tolai Liebre de Tolai
100%
Yarkandensis Liebre de Yarkard
100%
Oiostolus Liebre lanuda
100%
Callotis Liebre torda o de flancos blancos
100%
Dicei Conejo centroamericano
67%
Americanus Liebre americana
67%
Arcticus Liebre ártica o polar
67%
Californicus Liebre de California
67%
Coreanus Liebre de Corea
67%
Sylvilgus Andinus Conejo andino
33%
Brasiliensis Conejo brasileño
33%
Floridanus Conejo de Florida
33%
Sinensis Liebre china
33%
Corsicanus Liebre corsa
33%
Capensis Liebre de El Cabo
33%
Hainanus Liebre de Hainan
33%
Castroviejoi Liebre de piornal o de Castroviejo
33%
Nigricollis Liebre india
33%
Brachyurus Liebre japonesa
33%
Obscurus Conejo apalachiano
0%
Audubonii Conejo del desierto
0%
Transitionalis Conejo de Nueva Inglaterra
0%
Nuttallii Conejo de Nuttall
0%
Pentalagus Furnessi Conejo de Ryukyu o de Amami
0%
Cunicularius Conejo mexicano de monte
0%
Timminsi Conejo rayado annamita
0%
Nesolagus Netscheri Conejo rayado de Sumatra
0%
Bunolagus Monticularis Conejo ribereño de Sudáfrica
0%
Caprolagus Hispidus Libre híspida/Conejo de Assam
0%
Peguensis Liebre birmana
0%
Othus Liebre de Alaska
0%
Townsendii Liebre de cola blanca
0%
Habessinicus Liebre de Etiopía
0%
Microtis Liebre de la sabana africana
0%
Starcki Liebre de las tierras altas de Etiopía
0%
Tibetanus Liebre del desierto
0%
Mandschuricus Liebre de Manchuria
0%
Timidus Liebre de montaña o irlandesa
0%
Comus Liebre de Yunnan
0%
Fagani Liebre etíope
0%
Granatensis Liebre ibérica
0%
Insularis Liebre negra
0%
Radensis Liebre roja de Jameson
0%
Pronolagus Crassicaudatus Liebre roja de Natal
0%
Rupestris Liebre roja de Smith
0%
No se encontraron pruebas coincidentes
Distribución de puntuación
Porcentaje de gente con cada puntuación
Porcentaje por número respondido
Historial de tus puntuaciones
No has intentado esta prueba.